000
00218 a2200097 4500
001
26629
100
_a
Anno, J.N
245
_a
The mechanics of liquid jets
260
_a
_b
Lexington books
_c
1977
090
_c
17923
_d
17923
942
_a
NUST-CAE
_c
M
_c
8806
999
_c
261702
_d
261702